000 00404nam a2200157Ia 4500
008 210716s1998 xx 000 0 und d
020 _a8120313275
041 _aeng
082 _a005.3002 FULJ
100 _aFulton, Jennifer.
245 _a10 minute guide to excel 97.
250 _a1
260 _aNew Delhi
_bPrentice Hall of India PVt Ltd
_c1998
300 _axiv,208
650 _aPrograms(005.3)
999 _c183538
_d183538